LIBRARY ONLINE CATALOGUE

Everyday survival : (Record no. 9428)

MARC details
000 -LEADER
fixed length control field 00719nam a22002412 4500
001 - CONTROL NUMBER
control field 0000020633
005 - DATE AND TIME OF LATEST TRANSACTION
control field 20151217152218.0
008 - FIXED-LENGTH DATA ELEMENTS--GENERAL INFORMATION
fixed length control field 110929s xx 000 0 eng d
020 ## - INTERNATIONAL STANDARD BOOK NUMBER
International Standard Book Number 0393058383 :
040 ## - CATALOGING SOURCE
Original cataloging agency KABU
Transcribing agency KABU
100 1# - MAIN ENTRY--PERSONAL NAME
Personal name Gonzales, Laurence.
-- 0000181093
245 10 - TITLE STATEMENT
Title Everyday survival :
Remainder of title why smart people do stupid things /
Statement of responsibility, etc. Laurence Gonzales.
250 ## - EDITION STATEMENT
Edition statement 1st ed.
260 ## - PUBLICATION, DISTRIBUTION, ETC. (IMPRINT)
Place of publication, distribution, etc. New York :
Name of publisher, distributor, etc. W. W. Norton,
Date of publication, distribution, etc. 2008.
300 ## - PHYSICAL DESCRIPTION
Extent 288 p.
650 #0 - SUBJECT ADDED ENTRY--TOPICAL TERM
Topical term or geographic name as entry element Intellect.
-- 0000181094
650 #0 - SUBJECT ADDED ENTRY--TOPICAL TERM
Topical term or geographic name as entry element Stupidity.
-- 0000181095
650 #0 - SUBJECT ADDED ENTRY--TOPICAL TERM
Topical term or geographic name as entry element Errors.
-- 0000181096
650 #0 - SUBJECT ADDED ENTRY--TOPICAL TERM
Topical term or geographic name as entry element Life skills.
-- 0000022975
852 1# - LOCATION
-- p2635 KES
908 ## - PUT COMMAND PARAMETER (RLIN)
Put command parameter 110929
950 ## - LOCAL HOLDINGS (RLIN)
-- 1
Holdings
Withdrawn status Lost status Source of classification or shelving scheme Not for loan Home library Current library Date acquired Total Checkouts Total Renewals Full call number Barcode Date last seen Date last checked out Price effective from Koha item type
    Library of Congress Classification   Kabarak, Main Campus Kabarak, Main Campus 17/12/2015 2 1 BF431 .G66 2008 c. 1 19300 02/08/2024 07/03/2024 17/12/2015 General Collection